000 00327nam a2200121Ia 4500
008 190216s9999||||xx |||||||||||||| ||und||
100 _aMohammed Ayoob & Subrahmanyam K
245 0 _aBangladeshinde Swatantraya Samaram
260 _bKerala Bhasha Institute
_c1980
300 _a334p
650 _aWorld History
942 _cBK
999 _c40400
_d40400